Statistics for Harry Styles guess the lyrics (without clues) n.3

Click here to take the quiz!

General Stats

  • This quiz has been taken 461 times
  • The average score is 135 of 195

Answer Stats

Answer% Correct
I
100%
you
97%
you,
97%
you?
97%
the
94%
me
93%
we
88%
We
88%
to
87%
do
86%
who
86%
He
84%
my
84%
and
83%
so
83%
your
83%
be
81%
in
81%
where
80%
is
76%
were
76%
what
76%
you're
74%
just
73%
one
72%
that
72%
by
71%
this
71%
was
70%
up
69%
ever
68%
know
68%
of
68%
Why
68%
like
67%
want
67%
way
67%
with
67%
call,
66%
call
66%
never
66%
too
66%
fine
64%
from
64%
him
64%
it's
64%
tell
63%
day
62%
say
62%
say?
62%
see
61%
all
60%
away
60%
got
60%
said
60%
since
60%
alone
59%
mine
59%
over
59%
phone
59%
room
59%
But
58%
myself
58%
Woke
58%
Even
57%
feel
57%
hotel
57%
misses
57%
first
56%
girl
56%
played
56%
won't
56%
haven't
55%
his
55%
silence
55%
sorry
55%
spoke
55%
went
55%
you'll
55%
Comfortable
54%
comfortable
54%
friend
53%
I've
53%
overrated
53%
saw
53%
Maybe
52%
old
52%
once
52%
felt
51%
gave
51%
name
51%
t-shirt
51%
back
50%
drunk
50%
noon
50%
work
50%
almost
49%
cool
49%
face
49%
More
48%
sleep
48%
break
47%
less
47%
looked
47%
fell
45%
written
43%

Score Distribution

Percentile by Number Answered

Percent of People with Each Score

Your Score History

You have not taken this quiz